Elden Ring Sites Of Grace - Statistics

General Stats
  • This quiz has been taken 78 times
  • The average score is 26 of 314
Answer Stats
Location Lost Grace % Correct
Main Limgrave The First Step
73%
Main Limgrave Church Of Elleh
56%
Roundtable Hold Table Of Lost Grace
54%
Main Limgrave Gatefront
41%
Main Mountaintops Of The Giants First Church Of Marika
32%
Stormveil Castle Godrick The Grafted
32%
Main Limgrave Agheel Lake North
29%
Main Limgrave Agheel Lake South
29%
Volcano Manor Volcano Manor
29%
Weeping Peninsula Fourth Church Of Marika
27%
Stormhill Margit, The Fell Omen
27%
Stormhill Stormhill Shack
27%
Main Limgrave Third Church Of Marika
27%
Leyndell, Ashen Capital | Main Leyndell, Royal Capital Elden Throne
24%
Academy Of Raya Lucaria Debate Parlor
22%
Stormhill Divine Tower Of Limgrave
22%
Bellum Highway Grand Lift Of Dectus
22%
Main Limgrave Murkwater Cave
22%
Main Liurnia Of The Lakes Ranni's Rise
22%
Stranded Graveyard Stranded Graveyard
22%
Main Liurnia Of The Lakes Academy Gate Town
20%
Main Caelid Gaol Cave
20%
Swamp Of Aeonia Heart Of Aeonia
20%
Main Ainsel River Astel, Naturalborn Of The Void
17%
Stranded Graveyard Cave Of Knowledge
17%
Main Liurnia Of The Lakes Divine Tower Of Liurnia
17%
Greyoll's Dragonbarrow Fort Faroth
17%
Main Limgrave Limgrave Tunnels
17%
Volcano Manor Rykard, Lord Of Blasphemy
17%
Greyoll's Dragonbarrow Sellia Hideaway
17%
Main Altus Plateau Altus Plateau
15%
Bellum Highway Bellum Church
15%
Greyoll's Dragonbarrow Bestial Sanctum
15%
Deeproot Depths Deeproot Depths
15%
Forbidden Lands Forbidden Lands
15%
Flame Peak Forge Of The Giants
15%
Forbidden Lands Grand Lift Of Rold
15%
Ainsel River Main Nokstella, Eternal City
15%
Leyndell, Ashen Capital | Main Leyndell, Royal Capital Queen's Bedchamber
15%
Main Liurnia Of The Lakes Ranni's Chamber
15%
Main Liurnia Of The Lakes The Four Belfries
15%
Main Liurnia Of The Lakes Academy Crystal Cave
12%
Main Leyndell, Royal Capital Avenue Balcony
12%
Capital Outskirts Capital Rampart
12%
Moonlight Altar Cathedral Of Manus Celes
12%
Academy Of Raya Lucaria Church Of The Cuckoo
12%
Main Liurnia Of The Lakes Church Of Vows
12%
Main Limgrave Coastal Cave
12%
Consecrated Snowfield Consecrated Snowfield
12%
Crumbling Farum Azula Dragon Temple
12%
Weeping Peninsula Earthbore Cave
12%
Lake Of Rot Grand Cloister
12%
Elphael, Brace Of The Haligtree Haligtree Roots
12%
Main Liurnia Of The Lakes Jarburg
12%
Nokron, Eternal City Mimic Tear
12%
Weeping Peninsula Morne Tunnel
12%
Nokron, Eternal City Night's Sacred Ground
12%
Nokron, Eternal City Nokron, Eternal City
12%
Consecrated Snowfield Ordina, Liturgical Town
12%
Stormveil Castle Rampart Tower
12%
Main Caelid Sellia Crystal Tunnel
12%
Main Limgrave Stormfoot Catacombs
12%
Volcano Manor Temple Of Eiglay
12%
Weeping Peninsula Tombsward
12%
Weeping Peninsula Tombsward Catacombs
12%
Main Liurnia Of The Lakes Village Of The Albinaurics
12%
Stormhill Warmaster's Shack
12%
Ainsel River Main Ainsel River Main
10%
Main Limgrave | Main Liurnia Of The Lakes Artist's Shack
10%
Capital Outskirts Auriza Hero's Grave
10%
Main Liurnia Of The Lakes Black Knife Catacombs
10%
Weeping Peninsula Bridge Of Sacrifice
10%
Main Caelid Caelid Highway South
10%
Weeping Peninsula Castle Morne Lift
10%
Weeping Peninsula Castle Morne Rampart
10%
Main Caelid Cathedral Of Dragon Communion
10%
Consecrated Snowfield Cave Of The Forlorn
10%
Main Limgrave Church Of Dragon Communion
10%
Stormhill Deathtouched Catacombs
10%
Main Ainsel River Dragonkin Soldier Of Nokstella
10%
Crumbling Farum Azula Dragonlord Placidusax
10%
Main Altus Plateau Erdtree-Gazing Hill
10%
Flame Peak Fire Giant
10%
Volcano Manor Guest Hall
10%
Greyoll's Dragonbarrow Isolated Divine Tower
10%
Ruin-Strewn Precipice Magma Wyrm Makar
10%
Crumbling Farum Azula Maliketh, The Black Blade
10%
Main Limgrave Murkwater Catacombs
10%
Elphael, Brace Of The Haligtree Prayer Room
10%
Main Liurnia Of The Lakes Revenger's Shack
10%
Main Caelid Rotview Balcony
10%
Main Altus Plateau Sainted Hero's Grave
10%
Academy Of Raya Lucaria Schoolhouse Classroom
10%
Mt. Gelmir Seethewater Cave
10%
Main Siofra River Siofra River Bank
10%
Main Caelid Smoldering Church
10%
Main Mountaintops Of The Giants Spiritcaller Cave
10%
Main Caelid Starscourge Radahn
10%
Stormveil Castle Stormveil Main Gate
10%
Main Limgrave Summonwater Village Outskirts
10%
Deeproot Depths The Nameless Eternal City
10%
Weeping Peninsula Tombsward Cave
10%
Main Caelid War-Dead Catacombs
10%
Main Altus Plateau Windmill Village
10%
Main Caelid Abandoned Cave
7%
Volcano Manor Abductor Virgin
7%
Swamp Of Aeonia Aeonia Swamp Shore
7%
Main Altus Plateau Altus Highway Junction
7%
Main Altus Plateau Altus Tunnel
7%
Nokron, Eternal City Ancestral Woods
7%
Weeping Peninsula Behind The Castle
7%
Main Caelid Caelem Ruins
7%
Stormhill Castleward Tunnel
7%
Subterranean Shunning-Grounds Cathedral Of The Forsaken
7%
Bellum Highway Church Of Inhibition
7%
Weeping Peninsula Church Of Pilgrimage
7%
Main Mountaintops Of The Giants Church Of The Eclipse
7%
Main Caelid Church Of The Plague
7%
Greyoll's Dragonbarrow Divine Tower Of Caelid: Basement
7%
Forbidden Lands Divine Tower Of East Altus
7%
Capital Outskirts Divine Tower Of West Altus
7%
Greyoll's Dragonbarrow Dragonbarrow West
7%
Crumbling Farum Azula Dragon Temple Altar
7%
Crumbling Farum Azula Dragon Temple Lift
7%
Crumbling Farum Azula Dragon Temple Rooftop
7%
Leyndell, Ashen Capital | Main Leyndell, Royal Capital Erdtree Sanctuary
7%
Main Liurnia Of The Lakes Folly On The Lake
7%
Subterranean Shunning-Grounds Forsaken Depths
7%
Main Limgrave Fort Haight West
7%
Main Caelid Gael Tunnel
7%
Mt. Gelmir Gelmir Hero's Grave
7%
Flame Peak Giant-Conquering Hero's Grave
7%
Main Limgrave Groveside Cave
7%
Main Miquella's Haligtree Haligtree Town
7%
Forbidden Lands Hidden Path To The Haligtree
7%
Main Limgrave Highroad Cave
7%
Swamp Of Aeonia Inner Aeonia
7%
Greyoll's Dragonbarrow | Weeping Peninsula Isolated Merchant's Shack
7%
Main Liurnia Of The Lakes Lake-Facing Cliffs
7%
Leyndell, Ashen Capital Leyndell, Capital Of Ash
7%
Subterranean Shunning-Grounds Leyndell Catacombs
7%
Main Liurnia Of The Lakes Liurnia Highway North
7%
Main Liurnia Of The Lakes Liurnia Highway South
7%
Main Liurnia Of The Lakes Main Academy Gate
7%
Elphael, Brace Of The Haligtree Malenia, Goddess Of Rot
7%
Moonlight Altar Moonlight Altar
7%
Main Altus Plateau Perfumer's Grotto
7%
Volcano Manor Prison Town Church
7%
Ruin-Strewn Precipice Ruin-Strewn Precipice
7%
Stormveil Castle Secluded Cell
7%
Main Caelid Sellia Backstreets
7%
Main Caelid Sellia Under-Stair
7%
Main Liurnia Of The Lakes Stillwater Cave
7%
Main Limgrave Waypoint Ruins Cellar
7%
Main Altus Plateau Windmill Heights
7%
Consecrated Snowfield Yelough Anix Tunnel
7%
Main Mountaintops Of The Giants Zamor Ruins
7%
Main Altus Plateau Abandoned Coffin
5%
Consecrated Snowfield Apostate Derelict
5%
Nokron, Eternal City Aqueduct-Facing Cliffs
5%
Capital Outskirts Auriza Side Tomb
5%
Main Liurnia Of The Lakes Behind Caria Manor
5%
Crumbling Farum Azula Beside The Great Bridge
5%
Mt. Gelmir Bridge Of Iniquity
5%
Main Caelid Caelid Catacombs
5%
Main Mountaintops Of The Giants Castle Sol Main Gate
5%
Main Caelid Chamber Outside The Plaza
5%
Flame Peak Church Of Repose
5%
Leyndell, Ashen Capital | Main Leyndell, Royal Capital Divine Bridge
5%
Greyoll's Dragonbarrow Dragonbarrow Cave
5%
Crumbling Farum Azula Dragon Temple Transept
5%
Elphael, Brace Of The Haligtree Drainage Channel
5%
Mohgwyn Palace Dynasty Mausoleum Entrance
5%
Greyoll's Dragonbarrow Farum Greatbridge
5%
Flame Peak Foot Of The Forge
5%
Main Liurnia Of The Lakes Foot Of The Four Belfries
5%
Main Leyndell, Royal Capital Fortified Manor, First Floor
5%
Stone Platform Fractured Marika
5%
Subterranean Shunning-Grounds Frenzied Flame Proscription
5%
Stormveil Castle Gateside Chamber
5%
Main Miquella's Haligtree Haligtree Canopy
5%
Capital Outskirts Hermit Merchant's Shack
5%
Weeping Peninsula Impaler's Catacombs
5%
Consecrated Snowfield Inner Consecrated Snowfield
5%
Lake Of Rot Lake Of Rot Shoreside
5%
Main Liurnia Of The Lakes Laskyar Ruins
5%
Greyoll's Dragonbarrow Lenne's Rise
5%
Stormhill Limgrave Tower Bridge
5%
Main Leyndell, Royal Capital Lower Capital Church
5%
Capital Outskirts Minor Erdtree Church
5%
Main Limgrave Mistwood Outskirts
5%
Main Altus Plateau Old Altus Tunnel
5%
Mohgwyn Palace Palace Approach Ledge-Road
5%
Deeproot Depths Prince Of Death's Throne
5%
Main Liurnia Of The Lakes Raya Lucaria Crystal Tunnel
5%
Academy Of Raya Lucaria Raya Lucaria Grand Library
5%
Main Caelid Redmane Castle Plaza
5%
Mt. Gelmir Road Of Iniquity
5%
Main Liurnia Of The Lakes Road's End Catacombs
5%
Main Liurnia Of The Lakes Road To The Manor
5%
Main Liurnia Of The Lakes Royal Moongazing Grounds
5%
Main Altus Plateau Sage's Cave
5%
Stormhill Saintsbridge
5%
Capital Outskirts Sealed Tunnel
5%
Mt. Gelmir Seethewater Terminus
5%
Main Caelid Smoldering Wall
5%
Stormveil Castle Stormveil Cliffside
5%
Main Liurnia Of The Lakes Study Hall Entrance
5%
Volcano Manor Subterranean Inquisition Chamber
5%
Main Liurnia Of The Lakes The Ravine
5%
Mt. Gelmir Volcano Cave
5%
Main Leyndell, Royal Capital West Capital Rampart
5%
Main Siofra River Worshippers' Woods
5%
Deeproot Depths Across The Roots
2%
Weeping Peninsula Ailing Village Outskirts
2%
Main Ainsel River Ainsel River Downstream
2%
Main Ainsel River Ainsel River Sluice Gate
2%
Main Ainsel River Ainsel River Well Depths
2%
Moonlight Altar Altar South
2%
Main Mountaintops Of The Giants Ancient Snow Valley Ruins
2%
Swamp Of Aeonia Astray From Caelid Highway North
2%
Volcano Manor Audience Pathway
2%
Main Siofra River Below The Well
2%
Weeping Peninsula Beside The Crater-Pocked Glade
2%
Weeping Peninsula Beside The Rampart Gaol
2%
Main Liurnia Of The Lakes Boilprawn Shack
2%
Main Altus Plateau Bower Of Bounty
2%
Main Altus Plateau Castellan's Hall
2%
Main Mountaintops Of The Giants Castle Sol Rooftop
2%
Main Caelid Chair-Crypt Of Sellia
2%
Main Liurnia Of The Lakes Cliffbottom Catacombs
2%
Mohgwyn Palace Cocoon Of The Empyrean
2%
Consecrated Snowfield Consecrated Snowfield Catacombs
2%
Main Liurnia Of The Lakes Converted Tower
2%
Mt. Gelmir Craftsman's Shack
2%
Crumbling Farum Azula Crumbling Beast Grave
2%
Crumbling Farum Azula Crumbling Beast Grave Depths
2%
Main Liurnia Of The Lakes Crystalline Woods
2%
Main Caelid Deep Siofra Well
2%
Greyoll's Dragonbarrow Divine Tower Of Caelid: Center
2%
Forbidden Lands Divine Tower Of East Altus: Gate
2%
Capital Outskirts Divine Tower Of West Altus: Gate
2%
Greyoll's Dragonbarrow Dragonbarrow Fork
2%
Mohgwyn Palace Dynasty Mausoleum Midpoint
2%
Leyndell, Ashen Capital | Main Leyndell, Royal Capital East Capital Rampart
2%
Main Liurnia Of The Lakes Eastern Liurnia Lake Shore
2%
Main Liurnia Of The Lakes Eastern Tableland
2%
Main Liurnia Of The Lakes East Gate Bridge Trestle
2%
Bellum Highway East Raya Lucaria Gate
2%
Elphael, Brace Of The Haligtree Elphael Inner Wall
2%
Main Liurnia Of The Lakes Fallen Ruins Of The Lake
2%
Mt. Gelmir First Mt. Gelmir Campsite
2%
Main Altus Plateau Forest-Spanning Greatbridge
2%
Main Caelid Fort Gael North
2%
Main Mountaintops Of The Giants Freezing Lake
2%
Bellum Highway Frenzied Flame Village Outskirts
2%
Main Liurnia Of The Lakes Gate Town Bridge
2%
Main Liurnia Of The Lakes Gate Town North
2%
Flame Peak Giants' Gravepost
2%
Flame Peak Giants' Mountaintop Catacombs
2%
Nokron, Eternal City Great Waterfall Basin
2%
Deeproot Depths Great Waterfall Crest
2%
Main Miquella's Haligtree Haligtree Promenade
2%
Main Miquella's Haligtree Haligtree Town Plaza
2%
Main Caelid Impassable Greatbridge
2%
Main Liurnia Of The Lakes Lakeside Crystal Cave
2%
Stormveil Castle Liftside Chamber
2%
Main Liurnia Of The Lakes Liurnia Lake Shore
2%
Main Liurnia Of The Lakes Liurnia Tower Bridge
2%
Main Liurnia Of The Lakes Main Caria Manor Gate
2%
Main Liurnia Of The Lakes Manor Lower Level
2%
Main Liurnia Of The Lakes Manor Upper Level
2%
Main Liurnia Of The Lakes Mausoleum Compound
2%
Main Caelid Minor Erdtree Catacombs
2%
Weeping Peninsula Morne Moangrave
2%
Main Limgrave Murkwater Coast
2%
Mt. Gelmir Ninth Mt. Gelmir Campsite
2%
Ainsel River Main Nokstella Waterfall Basin
2%
Main Liurnia Of The Lakes Northern Liurnia Lake Shore
2%
Capital Outskirts Outer Wall Battleground
2%
Capital Outskirts Outer Wall Phantom Tree
2%
Mt. Gelmir Primeval Sorcerer Azur
2%
Main Altus Plateau Rampartside Path
2%
Main Liurnia Of The Lakes Ravine-Veiled Village
2%
Main Caelid Rear Gael Tunnel Entrance
2%
Main Altus Plateau Road Of Iniquity Side Path
2%
Deeproot Depths Root-Facing Cliffs
2%
Main Liurnia Of The Lakes Ruined Labyrinth
2%
Ruin-Strewn Precipice Ruin-Strewn Precipice Overlook
2%
Main Liurnia Of The Lakes Scenic Isle
2%
Main Limgrave Seaside Ruins
2%
Mt. Gelmir Seethewater River
2%
Main Altus Plateau Shaded Castle Inner Gate
2%
Main Altus Plateau Shaded Castle Ramparts
2%
Main Siofra River Siofra River Well Depths
2%
Main Liurnia Of The Lakes Slumbering Wolf's Shack
2%
Main Mountaintops Of The Giants Snow Valley Ruins Overlook
2%
Main Liurnia Of The Lakes Sorcerer's Isle
2%
Main Caelid Southern Aeonia Swamp Bank
2%
Weeping Peninsula South Of The Lookout Tower
2%
Main Liurnia Of The Lakes South Raya Lucaria Gate
2%
Crumbling Farum Azula Tempest-Facing Balcony
2%
Main Liurnia Of The Lakes Temple Quarter
2%
Subterranean Shunning-Grounds Underground Roadside
2%
Main Altus Plateau Unsightly Catacombs
2%
Main Mountaintops Of The Giants Whiteridge Road
2%
Mt. Gelmir Wyndham Catacombs
2%
No matching quizzes found
Score Distribution
Percent of People with Each Score
Percentile by Number Answered
Your Score History
You have not taken this quiz